[Event "Bad Woerishofen op 18th"]
[Site "Bad Woerishofen"]
[Date "2002.??.??"]
[Round "7"]
[White "Heinig, Wolfram"]
[Black "Wittfoth, Kai Uwe"]
[Result "1-0"]
[WhiteElo "2285"]
[BlackElo "2165"]
[PlyCount "91"]
[EventDate "2002.03.??"]
[EventType "swiss"]
[EventRounds "9"]
[EventCountry "GER"]
[SourceTitle "EXT 2003"]
[Source "ChessBase"]
[SourceDate "2002.11.25"]
[SourceVersion "1"]
[SourceVersionDate "2002.11.25"]
[SourceQuality "1"]

1. d4 d6 2. Nf3 g6 3. c4 Bg7 4. Nc3 Nf6 5. e4 0-0 6. Be2 e5 7. 0-0 Nc6 8. d5 Ne7 9. Bd2 Ne8 10. Ne1 f5 11. Nd3 Nf6 12. f3 f4 13. c5 Rf7 14. Rc1 g5 15. Nb5 Ng6 16. cxd6 cxd6 17. Nf2 h5 18. Qc2 Bf8 19. Nc7 Rb8 20. Ne6 Bxe6 21. dxe6 Rg7 22. Qb3 Kh8 23. h3 Ne7 24. Rfd1 Nc6 25. Bc3 Be7 26. Rd2 Qg8 27. Rcd1 Ne8 28. Bb5 Nc7 29. Rxd6 Nxb5 30. Qxb5 Nd4 31. R6xd4 exd4 32. Bxd4 Qxe6 33. Bxg7+ Kxg7 34. Rd7 Kf8 35. Rxb7 Rxb7 36. Qxb7 Qxa2 37. Qc8+ Kf7 38. Qf5+ Ke8 39. Qb5+ Kf8 40. Nd3 Qb1+ 41. Kh2 a5 42. Qf5+ Ke8 43. Qc8+ Bd8 44. Ne5 Qe1 45. Qd7+ Kf8 46. Qf7# 1-0

[Event "Bad Woerishofen op 18th"]
[Site "Bad Woerishofen"]
[Date "2002.??.??"]
[Round "9"]
[White "Olarasu, Gabriela"]
[Black "Wittfoth, Kai Uwe"]
[Result "1-0"]
[WhiteElo "2290"]
[BlackElo "2165"]
[PlyCount "85"]
[EventDate "2002.03.??"]
[EventType "swiss"]
[EventRounds "9"]
[EventCountry "GER"]
[SourceTitle "EXT 2003"]
[Source "ChessBase"]
[SourceDate "2002.11.25"]
[SourceVersion "1"]
[SourceVersionDate "2002.11.25"]
[SourceQuality "1"]

1. Nf3 d5 2. c4 e6 3. g3 Nf6 4. Bg2 Nbd7 5. d4 Be7 6. 0-0 0-0 7. Qc2 c6 8. Nbd2 b6 9. e4 dxe4 10. Nxe4 Nxe4 11. Qxe4 Bb7 12. Rd1 Rc8 13. Qc2 Ba8 14. c5 Nf6 15. Ne5 Nd5 16. a3 Qc7 17. b4 bxc5 18. bxc5 Rb8 19. Be4 Nf6 20. Bf4 Qc8 21. Bd3 h6 22. Nc4 Rb7 23. Nd6 Bxd6 24. Bxd6 Rd7 25. Bxf8 Kxf8 26. Bf1 Nd5 27. Rab1 Bb7 28. Rb3 Qd8 29. Rdb1 Bc8 30. Bg2 Rc7 31. Qe4 Qf6 32. Qe5 Qxe5 33. dxe5 h5 34. Bf1 Ke7 35. f4 f6 36. h4 f5 37. Kf2 Kd8 38. Bc4 Rd7 39. Rd1 Kc7 40. Bxd5 cxd5 41. Ke3 Ba6 42. Kd4 Bb7 43. c6 1-0

[Event "Bad Woerishofen op 18th"]
[Site "Bad Woerishofen"]
[Date "2002.??.??"]
[Round "5"]
[White "Phildius, Bernhard"]
[Black "Wittfoth, Kai Uwe"]
[Result "0-1"]
[WhiteElo "2330"]
[BlackElo "2165"]
[PlyCount "96"]
[EventDate "2002.03.??"]
[EventType "swiss"]
[EventRounds "9"]
[EventCountry "GER"]
[SourceTitle "EXT 2003"]
[Source "ChessBase"]
[SourceDate "2002.11.25"]
[SourceVersion "1"]
[SourceVersionDate "2002.11.25"]
[SourceQuality "1"]

1. d4 d5 2. Bg5 c6 3. Nc3 Bf5 4. e3 h6 5. Bh4 Qb6 6. Rb1 e6 7. Bd3 Be7 8. Bxe7 Nxe7 9. Nf3 Nd7 10. 0-0 Bxd3 11. cxd3 0-0 12. b4 a6 13. Rb3 Ng6 14. Na4 Qc7 15. Nc5 Rfd8 16. Qa1 Re8 17. Qb2 Nf6 18. Ne5 Nxe5 19. dxe5 Nd7 20. f4 f5 21. e4 fxe4 22. dxe4 Nxc5 23. bxc5 Re7 24. Rb1 Qa5 25. f5 Qxc5+ 26. Kh1 Ra7 27. Rg3 d4 28. f6 Rf7 29. Rf1 b5 30. Rxg7+ Rxg7 31. fxg7 Rxg7 32. Qd2 Qxe5 33. Qxh6 Qxe4 34. Qd2 c5 35. h3 c4 36. Rf4 Qe3 37. Rxd4 Qxd2 38. Rxd2 Rc7 39. Kg1 b4 40. Kf1 b3 41. axb3 cxb3 42. Rd8+ Kf7 43. Rb8 Rc3 44. Ke1 a5 45. Kd2 Rc2+ 46. Kd1 a4 47. Rb4 Rxg2 48. Rxa4 Rg1+ 0-1

[Event "Bad Woerishofen op 18th"]
[Site "Bad Woerishofen"]
[Date "2002.??.??"]
[Round "2"]
[White "Wittfoth, Kai Uwe"]
[Black "Eingorn, Vereslav S"]
[Result "0-1"]
[WhiteElo "2165"]
[BlackElo "2595"]
[PlyCount "74"]
[EventDate "2002.03.??"]
[EventType "swiss"]
[EventRounds "9"]
[EventCountry "GER"]
[SourceTitle "EXT 2003"]
[Source "ChessBase"]
[SourceDate "2002.11.25"]
[SourceVersion "1"]
[SourceVersionDate "2002.11.25"]
[SourceQuality "1"]

1. d4 Nf6 2. Nf3 e6 3. Bf4 b6 4. e3 Bb7 5. Nbd2 h6 6. h3 d6 7. Bc4 g6 8. c3 Bg7 9. 0-0 Nbd7 10. Qc2 0-0 11. Rad1 Qe7 12. Bh2 c5 13. Rfe1 a6 14. a4 Rfc8 15. Qd3 d5 16. Ba2 b5 17. axb5 axb5 18. Bb1 b4 19. Rc1 Ne4 20. Qe2 bxc3 21. bxc3 cxd4 22. cxd4 Nc3 23. Qf1 Nf6 24. Be5 Nfe4 25. Bxg7 Kxg7 26. Bd3 Ra2 27. Rc2 Rxc2 28. Bxc2 Qb4 29. Nb1 Na2 30. Bd3 Rc7 31. h4 Bc8 32. g3 Bd7 33. Kg2 Ba4 34. Ng1 Bc2 35. Bxc2 Rxc2 36. Nh3 Qb2 37. Qg1 Nc1 0-1

[Event "Bad Woerishofen op 17th"]
[Site "Bad Woerishofen"]
[Date "2001.??.??"]
[Round "2"]
[White "Giddins, Stephen"]
[Black "Wittfoth, Kai Uwe"]
[Result "0-1"]
[WhiteElo "2290"]
[BlackElo "2141"]
[PlyCount "68"]
[EventDate "2001.03.15"]
[EventType "swiss"]
[EventRounds "9"]
[EventCountry "GER"]
[SourceTitle "CBM 081 Extra"]
[Source "ChessBase"]
[SourceDate "2001.05.06"]
[SourceVersion "1"]
[SourceVersionDate "2001.05.06"]
[SourceQuality "1"]

1. Nf3 d5 2. c4 e6 3. d4 Nf6 4. Nc3 dxc4 5. e3 c5 6. Bxc4 a6 7. a4 Qc7 8. Qe2 Nc6 9. 0-0 Be7 10. Bd2 0-0 11. d5 exd5 12. Nxd5 Nxd5 13. Bxd5 Bf6 14. Bc3 Bxc3 15. bxc3 Bg4 16. Rab1 Rad8 17. Rfd1 Nd4 18. exd4 Rxd5 19. Qe4 Qd7 20. c4 Bxf3 21. Qxf3 Rxd4 22. Qb3 h6 23. h3 Rd8 24. Re1 Rd2 25. a5 Qd4 26. Re3 Rd1+ 27. Rxd1 Qxd1+ 28. Kh2 Qxb3 29. Rxb3 Rd7 30. Kg3 Kf8 31. Kf3 Ke7 32. Ke3 Kd8 33. Rb2 Kc7 34. Rb1 Rd6 0-1

[Event "Bad Woerishofen op 17th"]
[Site "Bad Woerishofen"]
[Date "2001.??.??"]
[Round "6"]
[White "Heinig, Wolfram"]
[Black "Wittfoth, Kai Uwe"]
[Result "1-0"]
[WhiteElo "2302"]
[BlackElo "2141"]
[PlyCount "39"]
[EventDate "2001.03.15"]
[EventType "swiss"]
[EventRounds "9"]
[EventCountry "GER"]
[SourceTitle "CBM 081 Extra"]
[Source "ChessBase"]
[SourceDate "2001.05.06"]
[SourceVersion "1"]
[SourceVersionDate "2001.05.06"]
[SourceQuality "1"]

1. d4 d5 2. c4 e6 3. Nf3 Nf6 4. g3 Be7 5. Bg2 0-0 6. 0-0 Nbd7 7. Qc2 b6 8. Nc3 Bb7 9. cxd5 Nxd5 10. Nxd5 Bxd5 11. e4 Bb7 12. Rd1 Re8 13. Bf4 Bd6 14. e5 Be7 15. Ng5 Bxg5 16. Bxb7 Bxf4 17. Bxa8 Qxa8 18. gxf4 Qf3 19. Rd3 Qg4+ 20. Kf1 1-0